Arthur Hoffmann Die erziehungswissenschaftliche Forschung : [könyvismertetés] /

Elmentve itt :
Bibliográfiai részletek
Szerző: Székely Károly
További közreműködők: Hoffmann Arthur
Dokumentumtípus: Cikk
Megjelent: 1941
Sorozat:Magyar pedagógia : a Magyar Tudományos Akadémia Pedagógiai Bizottságának folyóirata 50
Kulcsszavak:Pedagógia könyvismertetés, Neveléstudomány
Online Access:http://misc.bibl.u-szeged.hu/11469
LEADER 00761nab a2200193 i 4500
001 misc11469
005 20191106141951.0
008 170607s1941 hu o 0|| hun d
022 |a 0025-0260 
040 |a SZTE Miscellanea Repozitórium  |b hun 
041 |a hun 
100 1 |a Székely Károly 
245 1 0 |a Arthur Hoffmann   |h [elektronikus dokumentum] :  |b Die erziehungswissenschaftliche Forschung : [könyvismertetés] /  |c  Székely Károly 
260 |c 1941 
300 |a 250-251 
490 0 |a Magyar pedagógia : a Magyar Tudományos Akadémia Pedagógiai Bizottságának folyóirata  |v 50 
695 |a Pedagógia könyvismertetés, Neveléstudomány 
700 0 1 |a Hoffmann Arthur 
856 4 0 |u http://misc.bibl.u-szeged.hu/11469/1/mp_1941_4059_250-251.pdf  |z Dokumentum-elérés